Medicina Legal (Registro nro. 4594)

Detalles MARC
000 -Cabecera
Campo de control de longitud fija 00923aam a2200361 4500
005 - Fecha y hora de la última transacción
Campo de control 20250624105217.0
008 - Elementos de longitud fija--Información general
Campo de control de longitud fija 150414b2008 xxu||||| |||| 00| 0 spa d
020 ## - International Standard Book Number
Número Internacional Estándar del Libro (ISBN) 9789682457777
041 ## - Idioma
Código de idioma Español
082 ## - Clasificación Decimal Dewey
Número de clasificación 614.1 V297m2
100 ## - Entrada principal--Autor personal
Nombre personal Vargas Alvarado, Eduardo
9 (RLIN) 16114
245 ## - Título propiamente dicho
Título Medicina Legal
250 ## - Edición
Mención de edición 2 edición
260 ## - Pie de imprenta
Lugar de publicación, distribución, etc. México
260 ## - Pie de imprenta
Nombre del editor, distribuidor, etc. Trillas
260 ## - Pie de imprenta
Fecha de publicación, distribución, etc. 2008
300 ## - Descripción física
Extensión 472 páginas
490 ## - Serie
Título de la Serie Investigación Criminal
650 ## - Materia general
Temática (materia general) MEDICINA LEGAL
650 ## - Materia general
Temática (materia general) MEDICINA FORENSE
650 ## - Materia general
Temática (materia general) CRIMINALÍSTICA
650 ## - Materia general
Temática (materia general) TOXICOLOGÍA
650 ## - Materia general
Temática (materia general) MEDICINA LABORAL
650 ## - Materia general
Temática (materia general) DEONTOLOGÍA MEDICA
650 ## - Materia general
Temática (materia general) TANATOLOGÍA
650 ## - Materia general
Temática (materia general) TRAUMATOLOGÍA
650 ## - Materia general
Temática (materia general) ACCIDENTES DE TRÁNSITO
650 ## - Materia general
Temática (materia general) IDENTIFICACIÓN DENTAL
650 ## - Materia general
Temática (materia general) IDENTIFICACIÓN POLICIAL
650 ## - Materia general
Temática (materia general) INFANTICIDIO
650 ## - Materia general
Temática (materia general) PSIQUIATRÍA FORENSE
942 ## - Punto de acceso adicional KOHA
Tipo de ítem KOHA Libro
Fuente del sistema de clasificación o colocación Dewey Decimal Classification
Existencias
Signatura completa Código de barras Programa Académico Tipo de ítem
614.1 V297m2 13536 Investigación Criminal Libro
614.1 V297m2 13535 Investigación Criminal Libro